|
|
|
|
| LEADER |
00000naa a2200000uu 4500 |
| 001 |
vtls011085495 |
| 003 |
SK-MaSNL |
| 005 |
20260302105210.0 |
| 008 |
220810|2003 xo |||||||||||||||||cze| |
| 015 |
|
|
|a SNBRA
|
| 035 |
|
|
|a (urnnbn)urn:nbn:sk:snk:ar-a0cm21
|
| 035 |
|
|
|a (uuid)55df7d5f-44bb-4e4e-8247-8e0f464a66c8
|
| 035 |
|
|
|a urn:nbn:sk:snk-aavrxs
|
| 040 |
|
|
|a SNKBUCL
|b slo
|c SNKBUCL
|e AACR2
|
| 041 |
0 |
|
|a cze
|
| 044 |
|
|
|a xo
|c SK
|
| 100 |
1 |
|
|a Sedlářová, Michaela
|4 aut
|9 783517
|
| 245 |
1 |
0 |
|a Úloha aktivních forem kyslíku v obranné reakci Lactuca spp. vůči Bremia lactucae
|c Michaela SEDLÁŘOVÁ, Aleš LEBEDA, Lenka LUHOVÁ
|
| 246 |
3 |
|
|a The role of active oxygen species in defence response of Lactuca spp. to Bremia lactucae
|
| 700 |
1 |
|
|a Lebeda, Aleš
|4 aut
|9 783506
|
| 700 |
1 |
|
|a Luhová, Lenka
|4 aut
|9 783508
|
| 773 |
0 |
|
|t XVI. slovenská a česká konferencia o ochrane rastlín
|d V Nitre : Slovenská poľnohospodárska univerzita, 2003
|g S. 155-156
|z 8080692351
|
| 954 |
|
|
|a odborná, vedecká literatúra cudzojazyčná (svetová)
|2 lita
|
| 958 |
|
|
|a OND
|
| 958 |
|
|
|a article12
|
| 958 |
|
|
|a chapter
|
| 999 |
|
|
|c 1237745
|d 1239675
|